Statistiken für Die 50 größten Länder der Welt

Klicken Sie hier um das Quiz zu spielen!

Allgemein

  • Dieses Quiz wurde 2.486 mal gespielt
  • Das Durchschnittsergebnis liegt bei 39 aus 50

Antwortstatistiken

PlatzStaatFlächeKontinent% Korrekt
1Russland17.098.242 km²Europa / Asien
100%
2Kanada9.984.670 km²Nordamerika
99%
4Vereinigte Staaten9.525.067 km²Nordamerika
99%
3Volksrepublik China9.596.960 km²Asien
99%
6Australien7.741.220 km²Australien
98%
5Brasilien8.515.770 km²Südamerika
98%
8Argentinien2.780.400 km²Südamerika
95%
7Indien3.287.263 km²Asien
95%
14Mexiko1.964.375 km²Nordamerika
92%
37Türkei783.562 km²Europa / Asien
90%
25Südafrika1.219.090 km²Afrika
89%
10Algerien2.381.740 km²Afrika
88%
11Demokratische Republik Kongo2.344.858 km²Afrika
88%
43Frankreich643.801 km²Europa
88%
9Kasachstan2.724.900 km²Asien / Europa
88%
30Ägypten1.001.450 km²Afrika
87%
19Mongolei1.564.116 km²Asien
86%
46Ukraine603.550 km²Europa
86%
22Niger1.267.000 km²Afrika
85%
38Chile756.102 km²Südamerika
84%
12Dänemark (Grönland)2.166.086 km²Europa / Nordamerika
84%
18Iran1.648.195 km²Asien
84%
13Saudi-Arabien2.149.690 km²Asien
84%
15Indonesien1.904.569 km²Asien
83%
20Peru1.285.216 km²Südamerika
82%
26Kolumbien1.138.910 km²Südamerika
80%
32Nigeria923.768 km²Afrika
79%
16Sudan1.861.484 km²Afrika
79%
17Libyen1.759.540 km²Afrika
78%
36Pakistan796.095 km²Asien
77%
28Bolivien1.098.581 km²Südamerika
76%
33Venezuela912.050 km²Südamerika
75%
21Tschad1.284.000 km²Afrika
74%
24Mali1.240.192 km²Afrika
73%
41Afghanistan652.230 km²Asien
71%
23Angola1.246.700 km²Afrika
70%
27Äthiopien1.104.300 km²Afrika
70%
34Namibia824.292 km²Afrika
70%
49Kenia580.367 km²Afrika
66%
29Mauretanien1.030.700 km²Afrika
66%
31Tansania947.300 km²Afrika
66%
47Madagaskar587.041 km²Afrika
62%
44Somalia637.657 km²Afrika
62%
42Südsudan644.329 km²Afrika
62%
35Mosambik799.380 km²Afrika
60%
48Botswana581.730 km²Afrika
57%
39Sambia752.618 km²Afrika
57%
40Myanmar676.578 km²Asien
55%
45Zentralafrikanische Republik622.984 km²Afrika
55%
50Jemen527.968 km²Asien
45%

Verteilung der Resultate

Perzentil nach korrekt beantworteten Fragen

Anzahl Personen mit jedem Resultat

Ihre Resultats-Entwicklung

Sie haben dieses Quiz noch nicht gespielt